[Event "II Liga CS - Istok"]
[Site "Golubac"]
[Date "2008.10.18"]
[Round "10.1"]
[White "Biljanic, Ljubomir"]
[Black "Govedarica, Radovan"]
[Result "1/2-1/2"]
[WhiteElo "2306"]
[BlackElo "2399"]
[PlyCount "31"]
[EventDate "2008.09.14"]

1. d4 Nf6 2. c4 e6 3. Nc3 Bb4 4. e3 c5 5. Nge2 cxd4 6. exd4 O-O 7. g3 Be7 8.
Nf4 d6 9. Be2 a6 10. O-O Nbd7 11. b4 b6 12. Bf3 Rb8 13. Bb2 Bb7 14. Rc1 Bxf3
15. Qxf3 Re8 16. Nd1 1/2-1/2

[Event "II Liga CS - Istok"]
[Site "Golubac"]
[Date "2008.10.18"]
[Round "10.1"]
[White "Djokic, Nebojsa"]
[Black "Vulicevic, Bratimir"]
[Result "1/2-1/2"]
[WhiteElo "2220"]
[BlackElo "2150"]
[PlyCount "45"]
[EventDate "2008.09.14"]

1. e4 e6 2. d4 d5 3. Nc3 Nf6 4. e5 Nfd7 5. f4 c5 6. Nf3 Nc6 7. Be3 a6 8. Qd2
cxd4 9. Nxd4 Bc5 10. O-O-O Nxd4 11. Bxd4 b5 12. Ne2 Bb7 13. Qe3 Qc7 14. Kb1 Rc8
15. Rc1 O-O 16. h4 Nb6 17. Bxc5 Qxc5 18. Qxc5 Rxc5 19. Nd4 Nc4 20. Rd1 b4 21.
Rh3 Rc7 22. Bd3 Bc8 23. b3 1/2-1/2

[Event "II Liga CS - Istok"]
[Site "Golubac"]
[Date "2008.10.18"]
[Round "10.1"]
[White "Dimitrijevic, Radmilo"]
[Black "Radosavljevic, Novica"]
[Result "1/2-1/2"]
[WhiteElo "2186"]
[BlackElo "2125"]
[PlyCount "48"]
[EventDate "2008.09.14"]

1. e4 e5 2. Nf3 d6 3. d4 Nf6 4. Nc3 Nbd7 5. Bc4 Be7 6. dxe5 Nxe5 7. Nxe5 dxe5
8. Qxd8+ Bxd8 9. Be3 c6 10. Bc5 Be7 11. Bxe7 Kxe7 12. a4 Be6 13. Bxe6 Kxe6 14.
O-O-O Rad8 15. f3 a5 16. b3 Rd6 17. Rxd6+ Kxd6 18. Rd1+ Kc7 19. Ne2 Nd7 20. Ng3
g6 21. Nf1 Re8 22. Ne3 Nc5 23. g3 b6 24. Kb2 h5 1/2-1/2

[Event "II Liga CS - Istok"]
[Site "Golubac"]
[Date "2008.10.18"]
[Round "10.2"]
[White "Puzic, Slobodan"]
[Black "Marinkovic, Velibor"]
[Result "1/2-1/2"]
[WhiteElo "2151"]
[BlackElo "2139"]
[PlyCount "89"]
[EventDate "2008.09.14"]

1. d4 Nf6 2. Nf3 g6 3. Bg5 Bg7 4. Nbd2 d5 5. c3 O-O 6. e3 Nbd7 7. Bd3 c5 8. O-O
b6 9. Re1 Bb7 10. a4 Ne4 11. Bh4 h6 12. Qc2 f5 13. Bg3 Nxg3 14. hxg3 c4 15. Be2
a6 16. Nh4 Kh7 17. f4 e6 18. Nhf3 b5 19. b4 Bc6 20. a5 Nf6 21. Ne5 Be8 22. g4
Ne4 23. Nxe4 fxe4 24. g3 Ra7 25. Kg2 Rh8 26. Rh1 Kg8 27. Rh3 Bf6 28. Rah1 Rah7
29. Qd2 Qe7 30. Qe1 Qa7 31. Qg1 Qc7 32. R1h2 Qa7 33. Kf2 Bxe5 34. dxe5 g5 35.
Qd1 Bg6 36. Qd2 Kg7 37. Rh1 Rf8 38. Kg2 Rc8 39. Rd1 Rd8 40. Rhh1 Kg8 41. Rhf1
Rf7 42. Rf2 Rdf8 43. Rdf1 Kg7 44. Rd1 Rd8 45. Rff1 1/2-1/2

[Event "II Liga CS - Istok"]
[Site "Golubac"]
[Date "2008.10.18"]
[Round "10.2"]
[White "Mitic, Jovan Dj"]
[Black "Lazic, Milan"]
[Result "1/2-1/2"]
[WhiteElo "2132"]
[BlackElo "2094"]
[PlyCount "30"]
[EventDate "2008.09.14"]

1. e4 d6 2. d4 Nf6 3. Nc3 e5 4. dxe5 dxe5 5. Qxd8+ Kxd8 6. Nf3 Bd6 7. Bg5 c6 8.
O-O-O Ke7 9. Bc4 Be6 10. Bxe6 fxe6 11. Rhe1 h6 12. Bh4 g5 13. Bg3 Nbd7 14. Rd3
b5 15. Red1 Bb8 1/2-1/2

[Event "II Liga CS - Istok"]
[Site "Golubac"]
[Date "2008.10.18"]
[Round "10.3"]
[White "Denovic, Branislav"]
[Black "Pavlovic, Dean"]
[Result "1-0"]
[WhiteElo "2135"]
[BlackElo "2277"]
[Annotator ",compaq"]
[PlyCount "74"]
[EventDate "2008.09.14"]

1. e4 e5 2. f4 exf4 3. Nf3 g5 4. h4 g4 5. Ne5 h5 6. Bc4 Nh6 7. d4 d6 8. Nd3 f3
9. g3 f5 10. exf5 d5 11. Bb3 Nxf5 12. Kf2 Bd6 13. Re1+ Kf8 14. Ne5 c6 15. Bg5
Qb6 16. Bf4 Kg7 17. c3 Qc7 18. Bc2 Rf8 19. Qd2 Be6 20. Nd3 Bg8 21. Be5+ Bxe5
22. Qg5+ Kh8 23. Nxe5 Bh7 24. Qxh5 Qg7 25. Qxg4 Qxg4 26. Nxg4 Nd7 27. Nd2 Rg8
28. Bxf5 Bxf5 29. Nh6 Rgf8 30. Re7 Bh3 31. Nf7+ Kg8 32. Ng5 Bg4 33. Rae1 Rad8
34. R1e3 Nb6 35. b3 Nc8 36. Re8 Nd6 37. Rxf8+ Rxf8 {...necitko} 1-0

[Event "II Liga CS - Istok"]
[Site "Golubac"]
[Date "2008.10.18"]
[Round "10.3"]
[White "Panic, Milan"]
[Black "Djuric, Ranko"]
[Result "1/2-1/2"]
[WhiteElo "2200"]
[BlackElo "2148"]
[PlyCount "54"]
[EventDate "2008.09.14"]

1. e4 c5 2. Nf3 d6 3. d4 cxd4 4. Nxd4 Nf6 5. Nc3 g6 6. Be3 Bg7 7. f3 O-O 8. Qd2
Nc6 9. O-O-O Nxd4 10. Bxd4 Be6 11. Kb1 Re8 12. Bb5 Rf8 13. Ba4 b5 14. Nxb5 Rb8
15. e5 dxe5 16. Bxe5 Qxd2 17. Rxd2 Ne4 18. fxe4 Bxe5 19. c3 Rb6 20. Nd4 Rd8 21.
Bb3 Bxb3 22. Nxb3 Rxd2 23. Nxd2 Bxc3 24. Nc4 Rb8 25. Rd1 Bb4 26. Rd7 Bc5 27.
Rc7 Bg1 1/2-1/2

[Event "II Liga CS - Istok"]
[Site "Golubac"]
[Date "2008.10.18"]
[Round "10.3"]
[White "Rolj, Petar"]
[Black "Kolbert, Engelbert"]
[Result "0-1"]
[WhiteElo "2061"]
[BlackElo "2218"]
[PlyCount "76"]
[EventDate "2008.09.14"]

1. e4 c5 2. Nf3 d6 3. d4 cxd4 4. Nxd4 Nf6 5. Nc3 g6 6. Be3 Bg7 7. f3 Nc6 8. Qd2
O-O 9. O-O-O Bd7 10. Kb1 Rc8 11. g4 Ne5 12. h4 h5 13. gxh5 Nxh5 14. Bh6 Bh8 15.
Bxf8 Kxf8 16. f4 Nc4 17. Bxc4 Rxc4 18. Nde2 Qb6 19. Ka1 Rxe4 20. Rb1 Rc4 21.
Rhf1 Qa5 22. Rbd1 Be6 23. a3 Ng3 24. Rf3 Nf5 25. Nb1 Qc7 26. Nbc3 Nxh4 27. Rf2
Qc5 28. Rff1 b5 29. Rh1 Bf6 30. Kb1 b4 31. Na4 Qc6 32. b3 Rxc2 33. Nd4 Rxd2 34.
Nxc6 Bf5+ 35. Kc1 Rc2+ 36. Kb1 Rxc6+ 37. Ka2 Rc2+ 38. Kb1 bxa3 0-1

[Event "II Liga CS - Istok"]
[Site "Golubac"]
[Date "2008.10.18"]
[Round "10.3"]
[White "Rajkovic, Branislav"]
[Black "Jovic, Dusan"]
[Result "1/2-1/2"]
[WhiteElo "2212"]
[BlackElo "2150"]
[PlyCount "103"]
[EventDate "2008.09.14"]

1. e4 e5 2. Nf3 d6 3. d4 exd4 4. Nxd4 Nf6 5. Nc3 Be7 6. Be2 O-O 7. Be3 a6 8.
O-O c5 9. Nb3 Nc6 10. f4 Be6 11. Bf3 Rc8 12. Qe2 b5 13. Rfd1 Qc7 14. Rd2 Rfe8
15. h3 Bf8 16. Qf2 Qb8 17. Ne2 Nb4 18. Ng3 Qc7 19. f5 Bd7 20. Bf4 c4 21. a3 Nc6
22. Nc1 Ne5 23. Nce2 Bc6 24. Nc3 h6 25. Kh2 a5 26. Nh5 Nxf3+ 27. Qxf3 Nxh5 28.
Qxh5 Bxe4 29. f6 Bg6 30. Qxb5 gxf6 31. Rad1 Rb8 32. Nd5 Qd8 33. Qxe8 Qxe8 34.
Nxf6+ Kg7 35. Nxe8+ Rxe8 36. Bxd6 Bxd6+ 37. Rxd6 Bxc2 38. R1d2 Bg6 39. Rc6 Bd3
40. Rd6 Rb8 41. R6xd3 cxd3 42. Rxd3 Rxb2 43. Rd5 a4 44. Ra5 Kg6 45. Rxa4 Rd2
46. Kg3 Rc2 47. Kf3 f6 48. g3 Rc3+ 49. Kf4 Rc1 50. Ra8 Rc4+ 51. Kf3 Kh5 52. Re8
1/2-1/2

[Event "II Liga CS - Istok"]
[Site "Golubac"]
[Date "2008.10.18"]
[Round "10.3"]
[White "Rakovic, Miroslav"]
[Black "Kalcic, Krsta"]
[Result "0-1"]
[WhiteElo "2042"]
[BlackElo "2178"]
[PlyCount "108"]
[EventDate "2008.09.14"]

1. e4 c5 2. Nc3 Nc6 3. f4 d6 4. Nf3 e6 5. Bb5 Bd7 6. O-O Nge7 7. d4 cxd4 8.
Nxd4 a6 9. Be2 Qb6 10. Be3 Qxb2 11. Qd2 Nxd4 12. Bxd4 Qa3 13. Rab1 b5 14. Rb3
Qa5 15. Qe3 Qc7 16. Bb6 Qc6 17. Rd1 Rb8 18. Ba5 Qc5 19. Nb1 Nc6 20. Be1 Qxe3+
21. Rxe3 d5 22. Red3 Bc5+ 23. Kf1 Ne7 24. Bh4 Ng6 25. Bg3 Bd6 26. e5 Bc5 27.
Nd2 Ne7 28. Nb3 Bb6 29. Bf2 Bxf2 30. Kxf2 Rc8 31. c3 h5 32. Nd4 Nc6 33. Nxc6
Rxc6 34. Rh3 g6 35. Ke1 Ke7 36. Kd2 Rhc8 37. Rd3 Rc4 38. g3 b4 39. cxb4 Rc2+
40. Ke1 Rxa2 41. R3d2 Ra4 42. Rb1 Bb5 43. Bd1 Ra3 44. Kf2 h4 45. Kg2 hxg3 46.
hxg3 Rcc3 47. g4 Bd3 48. Rbb2 Be4+ 49. Kf1 Rh3 50. Rh2 Rhg3 51. Kf2 Rgd3 52. b5
axb5 53. Bc2 Rd2+ 54. Kg1 Rg3+ 0-1

[Event "II Liga CS - Istok"]
[Site "Golubac"]
[Date "2008.10.18"]
[Round "10.4"]
[White "Kostic, Nebojsa"]
[Black "Radosavljevic, Slobodan D"]
[Result "1/2-1/2"]
[WhiteElo "2315"]
[BlackElo "2267"]
[PlyCount "91"]
[EventDate "2008.09.14"]

1. c4 Nf6 2. Nc3 g6 3. g3 Bg7 4. Rb1 O-O 5. Bg2 d6 6. b4 e5 7. d3 a6 8. a4 c6
9. Nf3 Re8 10. Nd2 d5 11. O-O Be6 12. Qc2 Nbd7 13. Ba3 h5 14. a5 h4 15. e4 d4
16. Nd1 hxg3 17. hxg3 Bh6 18. Re1 Kg7 19. Nf1 Rh8 20. f3 Nh5 21. Bc1 Bxc1 22.
Qxc1 c5 23. Nf2 cxb4 24. Rxb4 Qxa5 25. Rxb7 Nc5 26. Rb2 Rab8 27. Ree2 Qa3 28.
Qb1 Nxe4 29. Rxb8 Nc3 30. Ra2 Qxa2 31. Qxa2 Nxa2 32. Rb7 Nc3 33. Bh3 Bxh3 34.
Nxh3 Nxg3 35. Nxg3 Rxh3 36. Kg2 Rh8 37. Ra7 Rb8 38. Nf1 Rb2+ 39. Kh3 Rf2 40.
Nh2 Ne2 41. Ng4 Rxf3+ 42. Kh2 Rxd3 43. Nxe5 Re3 44. Rxf7+ Kg8 45. Re7 Re4 46.
Nxg6 1/2-1/2

[Event "II Liga CS - Istok"]
[Site "Golubac"]
[Date "2008.10.18"]
[Round "10.4"]
[White "Markovic, Milan D"]
[Black "Mitrovic, Darko R"]
[Result "0-1"]
[WhiteElo "2349"]
[BlackElo "2321"]
[PlyCount "75"]
[EventDate "2008.09.14"]

1. e4 e6 2. Nf3 d5 3. e5 c5 4. b4 cxb4 5. a3 bxa3 6. c3 Bd7 7. Nxa3 Nc6 8. d4
Nge7 9. Bd3 Nc8 10. h4 h6 11. Bd2 Nb6 12. Nb5 a6 13. Nd6+ Bxd6 14. exd6 Nc4 15.
Rb1 Nxd6 16. Ne5 Nxe5 17. dxe5 Bb5 18. Rxb5 Nxb5 19. Qg4 g6 20. h5 g5 21. f4
Qc7 22. O-O gxf4 23. Rxf4 Qxe5 24. Qf3 Nd6 25. Rb4 b5 26. Bf4 Qe1+ 27. Kh2 Rd8
28. Bg3 Qd2 29. Bf4 Qa2 30. Bb1 Qa3 31. Qg3 Nc4 32. Qg7 Ke7 33. Bg3 Rdf8 34.
Bh4+ Kd7 35. Qf6 Qa5 36. Qe7+ Kc6 37. Bg3 Qd8 38. Qa7 0-1

[Event "II Liga CS - Istok"]
[Site "Golubac"]
[Date "2008.10.18"]
[Round "10.4"]
[White "Djokic, Vladan"]
[Black "Popovic, Djordje D"]
[Result "0-1"]
[WhiteElo "2284"]
[BlackElo "2270"]
[PlyCount "86"]
[EventDate "2008.09.14"]

1. e4 c5 2. Nf3 d6 3. d4 cxd4 4. Nxd4 Nf6 5. Nc3 a6 6. Be2 e5 7. Nb3 Be7 8. Be3
Be6 9. Nd5 Nxd5 10. exd5 Bf5 11. Qd2 Nd7 12. O-O O-O 13. c4 b6 14. f4 exf4 15.
Bxf4 Bg6 16. Nd4 Qc7 17. Nc6 Bf6 18. Bg3 Rfe8 19. Bd1 Nc5 20. Bc2 b5 21. Bxg6
hxg6 22. Qc2 bxc4 23. Qxc4 Ne4 24. Be1 Qb6+ 25. Kh1 Qxb2 26. Rc1 Nd2 27. Bxd2
Qxd2 28. Rc2 Qe3 29. Rcf2 Re4 30. Qc2 Rae8 31. g3 Rg4 32. Rf3 Qe2 33. Qxe2 Rxe2
34. R1f2 Rxf2 35. Rxf2 Rc4 36. Kg2 Rc5 37. Rd2 Bg5 38. Rf2 f5 39. h4 Bf6 40.
Rd2 g5 41. Nb8 Ra5 42. Nd7 Kf7 43. Nb6 Rc5 0-1

[Event "II Liga CS - Istok"]
[Site "Golubac"]
[Date "2008.10.18"]
[Round "10.4"]
[White "Illijin, Neboisa"]
[Black "Stankovic, Dejan"]
[Result "1/2-1/2"]
[WhiteElo "2277"]
[BlackElo "2228"]
[PlyCount "22"]
[EventDate "2008.09.14"]

1. Nf3 d5 2. d4 Nf6 3. c4 c6 4. cxd5 cxd5 5. Nc3 Nc6 6. Bf4 a6 7. e3 Bg4 8. Be2
e6 9. a3 Rc8 10. O-O Bd6 11. Bxd6 Qxd6 1/2-1/2

[Event "II Liga CS - Istok"]
[Site "Golubac"]
[Date "2008.10.18"]
[Round "10.4"]
[White "Keca, Dragomir"]
[Black "Ivanovic, Zoran M"]
[Result "1/2-1/2"]
[WhiteElo "2202"]
[BlackElo "2167"]
[PlyCount "25"]
[EventDate "2008.09.14"]

1. Nf3 c5 2. c4 Nc6 3. d4 cxd4 4. Nxd4 g6 5. e4 Bg7 6. Be3 d6 7. Nc3 Nf6 8. Be2
Bd7 9. O-O O-O 10. Qd2 a6 11. f3 Rc8 12. Rfd1 Ne5 13. b3 1/2-1/2

[Event "II Liga CS - Istok"]
[Site "Golubac"]
[Date "2008.10.18"]
[Round "10.4"]
[White "Petrovic, Dragoslav"]
[Black "Zivkovic, Branimir"]
[Result "0-1"]
[WhiteElo "2051"]
[BlackElo "2217"]
[PlyCount "77"]
[EventDate "2008.09.14"]

1. d4 Nf6 2. c4 g6 3. Nc3 Bg7 4. e4 d6 5. Nf3 O-O 6. Be2 Bg4 7. O-O Nbd7 8. Be3
a6 9. Qd2 Rb8 10. Rfd1 c6 11. h3 Bxf3 12. Bxf3 Qc7 13. Rac1 e5 14. dxe5 dxe5
15. b4 Rfd8 16. Qc2 Nf8 17. Na4 Ne6 18. Bb6 Rxd1+ 19. Rxd1 Qe7 20. Qc3 Nd7 21.
Be3 Nd4 22. Bxd4 exd4 23. Qd2 Rd8 24. a3 Ra8 25. Nb2 a5 26. Nd3 h5 27. Qf4 axb4
28. axb4 Nf8 29. e5 Ne6 30. Qe4 Rd8 31. b5 Ng5 32. Qf4 Bh6 33. Qg3 Qe6 34. bxc6
bxc6 35. c5 Qb3 36. h4 Ne4 37. Qh3 Nc3 38. Rf1 Qb7 39. e6 0-1

[Event "II Liga CS - Istok"]
[Site "Golubac"]
[Date "2008.10.18"]
[Round "10.5"]
[White "Tosic, Branislav"]
[Black "Petrovic, Dragan R"]
[Result "1/2-1/2"]
[WhiteElo "2194"]
[BlackElo "2189"]
[PlyCount "41"]
[EventDate "2008.09.14"]

1. d4 Nf6 2. Nf3 g6 3. c3 Bg7 4. Bf4 O-O 5. h3 d6 6. e3 c6 7. Be2 Nbd7 8. O-O
Re8 9. Bh2 Qb6 10. Qb3 Qxb3 11. axb3 a6 12. Nbd2 b6 13. Ra2 Bb7 14. b4 c5 15.
bxc5 dxc5 16. Ne5 Nxe5 17. Bxe5 Nd7 18. Bxg7 Kxg7 19. Rfa1 cxd4 20. cxd4 Rac8
21. Bxa6 1/2-1/2

[Event "II Liga CS - Istok"]
[Site "Golubac"]
[Date "2008.10.18"]
[Round "10.5"]
[White "Stojanovic, Jovica M"]
[Black "Trickovic, Vladimir"]
[Result "1/2-1/2"]
[WhiteElo "1934"]
[BlackElo "1946"]
[PlyCount "33"]
[EventDate "2008.09.14"]

1. e4 c5 2. Nf3 d6 3. g3 g6 4. Bg2 Bg7 5. O-O Nc6 6. c3 e5 7. d3 Nge7 8. Nbd2
O-O 9. a3 a5 10. a4 h6 11. Nc4 Kh7 12. Be3 f5 13. Qd2 Be6 14. Na3 Qd7 15. h4
Rad8 16. Nb5 Rf7 17. Nh2 1/2-1/2

[Event "II Liga CS - Istok"]
[Site "Golubac"]
[Date "2008.10.18"]
[Round "10.6"]
[White "Dmitrovic, Tomislav"]
[Black "Nikolic, Zoran S"]
[Result "1/2-1/2"]
[WhiteElo "2272"]
[BlackElo "2201"]
[PlyCount "42"]
[EventDate "2008.09.14"]

1. c4 Nf6 2. Nc3 g6 3. g3 Bg7 4. Bg2 c5 5. Nf3 Nc6 6. O-O O-O 7. d4 cxd4 8.
Nxd4 Ng4 9. e3 Nge5 10. b3 Nxd4 11. exd4 Nc6 12. Ne2 d6 13. h3 Bd7 14. Bb2 Rb8
15. Qd2 b5 16. c5 dxc5 17. dxc5 Qc8 18. Bxg7 Kxg7 19. Qb2+ f6 20. Kh2 Ne5 21.
b4 Bc6 1/2-1/2

[Event "II Liga CS - Istok"]
[Site "Golubac"]
[Date "2008.10.18"]
[Round "10.6"]
[White "Batanjac, Aleksandar"]
[Black "Turudic, Nenad"]
[Result "1/2-1/2"]
[WhiteElo "2177"]
[BlackElo "2224"]
[PlyCount "25"]
[EventDate "2008.09.14"]

1. e4 e5 2. Nf3 Nc6 3. d4 exd4 4. Bc4 Nf6 5. e5 Ne4 6. Bd5 Nc5 7. O-O Ne6 8.
Nbd2 Be7 9. Nb3 O-O 10. Bxe6 dxe6 11. Nbxd4 Nxd4 12. Qxd4 Qxd4 13. Nxd4 1/2-1/2

[Event "II Liga CS - Istok"]
[Site "Golubac"]
[Date "2008.10.18"]
[Round "10.6"]
[White "Maksimovic, Boban"]
[Black "Marinkovic, Vojkan"]
[Result "1-0"]
[WhiteElo "2186"]
[BlackElo "2054"]
[PlyCount "45"]
[EventDate "2008.09.14"]

1. c4 e6 2. g3 b6 3. Bg2 Nc6 4. Nf3 Bb7 5. O-O f5 6. d4 d5 7. cxd5 exd5 8. Nc3
Nf6 9. Bf4 Bd6 10. Be5 Be7 11. Qc2 Nxe5 12. dxe5 Ne4 13. Nd4 Qc8 14. Qa4+ Kf7
15. Nxe4 dxe4 16. Qc4+ Kg6 17. Ne6 Bg5 18. g4 fxg4 19. Bxe4+ Bxe4 20. Qxe4+ Kh5
21. Nxg7+ Kh6 22. Nf5+ Kh5 23. f3 1-0

[Event "II Liga CS - Istok"]
[Site "Golubac"]
[Date "2008.10.18"]
[Round "10.6"]
[White "Minic, Ivan"]
[Black "Milenkovic, Slavisa"]
[Result "1-0"]
[WhiteElo "2096"]
[BlackElo "2173"]
[PlyCount "93"]
[EventDate "2008.09.14"]

1. d4 Nf6 2. Nf3 d6 3. Bg5 Nbd7 4. Nbd2 h6 5. Bh4 g5 6. Bg3 Bg7 7. c3 a5 8. e4
Nh5 9. Bd3 Nxg3 10. hxg3 c5 11. O-O Qc7 12. Rc1 Nb6 13. Re1 e5 14. dxe5 dxe5
15. Nf1 Be6 16. Bb5+ Kf8 17. c4 Rd8 18. Qc2 Bf6 19. Ne3 Bc8 20. a4 g4 21. Nh4
Bxh4 22. gxh4 Rd4 23. Rcd1 Qd8 24. g3 Be6 25. Rxd4 exd4 26. Nd5 Nc8 27. Qd2 h5
28. Qf4 Nd6 29. Qe5 Rh6 30. Nf4 b6 31. Nxh5 Rh7 32. b3 Nxb5 33. axb5 a4 34.
bxa4 Bxc4 35. Nf4 Bb3 36. Qf5 Rh6 37. e5 Be6 38. Qc2 Qc7 39. Qe4 Ke7 40. Rc1
Qd7 41. Re1 Rh8 42. Qd3 Bd5 43. Rc1 Ba8 44. Kh2 Qa7 45. Qf5 Rg8 46. e6 f6 47.
Qh7+ 1-0